[Event "Palma de Mallorca op"]
[Site "Palma de Mallorca"]
[Date "2021.11.25"]
[Round "4"]
[White "Carrasco Lopez, Juan Luis"]
[Black "Tacconi, Antonio"]
[Result "1/2-1/2"]
[WhiteElo "1519"]
[BlackElo "1751"]
[PlyCount "185"]
[EventDate "2021.11.22"]
[EventType "swiss"]
[EventRounds "7"]
[EventCountry "ESP"]
[SourceTitle "CBM 205 Extra"]
[Source "ChessBase"]
[SourceDate "2022.01.31"]
[SourceVersion "1"]
[SourceVersionDate "2022.01.31"]
[SourceQuality "1"]

1. e4 Nf6 2. e5 Nd5 3. d4 d6 4. exd6 exd6 5. Nf3 Nc6 6. c4 Nb6 7. Be2 Be7 8. 0-0 Bg4 9. b3 0-0 10. Nc3 Bf6 11. Be3 d5 12. c5 Nc8 13. h3 Be6 14. Bd3 N8e7 15. Bg5 Ng6 16. Be3 Nh4 17. Nxh4 Bxh4 18. Qh5 g6 19. Qf3 Bf6 20. Ne2 Bg7 21. a3 Qf6 22. Qxf6 Bxf6 23. Rfb1 Ne7 24. Ng3 c6 25. b4 h5 26. b5 h4 27. Ne2 Nf5 28. bxc6 bxc6 29. Rb7 Nxe3 30. fxe3 Rfc8 31. Nf4 Re8 32. Kf2 Bg5 33. Kf3 Kg7 34. Rab1 Kf6 35. Rc7 Bxf4 36. Kxf4 g5+ 37. Kf3 Rec8 38. Rxc8 Rxc8 39. Rb7 Ra8 40. e4 a5 41. e5+ Kg7 42. Bc2 Kf8 43. Ba4 Rc8 44. Ra7 Rb8 45. Rxa5 Rb1 46. Bxc6 Rf1+ 47. Ke2 Rg1 48. Kf2 Rd1 49. Ra4 Rd2+ 50. Kf3 Rd3+ 51. Ke2 Rg3 52. Kf2 Rb3 53. Ra7 Rb2+ 54. Kg1 Rb1+ 55. Kh2 Rd1 56. Ra4 Ke7 57. Ra8 f5 58. exf6+ Kxf6 59. Rf8+ Ke7 60. Re8+ Kf7 61. a4 Rxd4 62. Rb8 Rd2 63. Be8+ Ke7 64. Bh5 Rc2 65. Rb5 Bd7 66. Ra5 Ra2 67. Bd1 d4 68. Ra7 Kd8 69. a5 Bc6 70. Kg1 Rxg2+ 71. Kf1 Ra2 72. Bg4 Rc2 73. a6 Rxc5 74. Be2 Ra5 75. Rg7 Ra1+ 76. Kf2 Ra2 77. Ke1 Ra1+ 78. Kd2 Ra2+ 79. Ke1 Ra5 80. Kd2 Bg2 81. Bg4 Rxa6 82. Rd7+ Ke8 83. Rxd4 Ra5 84. Ke3 Ke7 85. Rd3 Re5+ 86. Kf2 Bd5 87. Re3 Kf6 88. Rxe5 Kxe5 89. Ke3 Be6 90. Kf3 Bxg4+ 91. Kxg4 Kf6 92. Kf3 Kf5 93. Ke3 1/2-1/2